Comic Strips Based on Charecters Quiz Stats

 Plays Quiz not verified by Sporcle

Support Sporcle.
Go Orange.
Score 0/17 Timer 10:00
0 Plays Today
Charecter % Correct
CalvinCalvin and Hobbes
77.8%
MarmadukeMarmaduke
77.8%
HagarHagar the Horrible
77.8%
Charlie BrownPeanuts
77.8%
DilbertDilbert
77.8%
JeffyFamily Circus
66.7%
DagwoodBlondie
66.7%
Mary WorthMary Worth
66.7%
RatPearls Before Swine
55.6%
Charecter % Correct
Sally ForthSally Forth
55.6%
CrankshaftCrankshaft
55.6%
FrazzFrazz
44.4%
JasonFoxtrot
44.4%
AliceCul de Sac
44.4%
BeetleBeetle Baily
44.4%
BuckyGet Fuzzy
33.3%
WizWizard of Id
11.1%

You're not logged in!

Compare scores with friends on all Sporcle quizzes.
OR
Log In

From the Vault

NFL Playoff Coaches (2010s)

by commiesmasher

Not sure if they could really coach us into being good at football but it would be funny.
Remove Ads.
Support Sporcle.
Get the best of Sporcle when you Go Orange. This ad-free experience offers more features, more stats, and more fun while also helping to support Sporcle. Thank you for becoming a member.

Show Comments

Extras

Top Quizzes Today


Score Distribution

Your Account Isn't Verified!

In order to create a playlist on Sporcle, you need to verify the email address you used during registration. Go to your Sporcle Settings to finish the process.

Report this User

Report this user for behavior that violates our Community Guidelines.

Details: